| 000 | 00354nam a2200133Ia 4500 | ||
|---|---|---|---|
| 008 | 170516s9999 xx 000 0 und d | ||
| 245 | _aImage Guided Biodistribution of Drugs and Drug Delivery | ||
| 260 | _bTheranostics | ||
| 260 | _c2012 | ||
| 300 | _a2:11 | ||
| 650 | _xMedical Technology | ||
| 650 | _xMedtech | ||
| 856 | _uhttp://www.thno.org/v2i11 | ||
| 999 |
_c330333 _d330333 |
||